LDR 01022naa#a2200169#i#450# 001 RU\\bibl\120807 005 20260418113432.6 011 ## _a2409-1073 100 ## _a20240620b2024####ek#y0rusy0150####ca 102 ## _aRU 200 1# _aОсобенности перевода неологизмов с английского языка на русский в научно-популярных текстах _eЖурнальная статья 210 1# _aМосква _cФедеральное государственное автономное образовательное учреждение высшего образования Национальный исследовательский университет "Московский институт электронной техники" _d2024 215 ## _a0 с. 608 ## _aЖурнальная статья _2local 675 ## _aЛингвистика. Языкознание. Языки. 81 _z 700 #1 _aСахарова _gАлиса Алексеевна 856 4# _aesgi-journal.ru _u